banner koha

Fertilizantes: marco regulatório e diretrizes para uma política autossuficiente (Registro n. 85387)

MARC details
000 -LÍDER
Campo de controle fixo 00754nam a22002657a 4500
001 - NÚMERO DE CONTROLE
Número de controle BR2020000191
003 - CÓDIGO MARC DA AGÊNCIA CATALOGADORA
Campo de controle BR-BrBNA
005 - DATA E HORA DA ÚLTIMA ATUALIZAÇÃO
Campo de controle 20231009111034.0
008 - CAMPO DE TAMANHO FIXO
Campo fixo de controle 230509b bl.||||| |||| 00| 0 por d
040 ## - FONTE DA CATALOGAÇÃO
Agência catalogadora BR-BrBNA
Idioma da catalogação por
041 ## - CÓDIGO DO IDIOMA
Código do Idioma (Por)
072 ## - CATEGORIA AGRIS
Código da categoria de assunto/objeto <a href="E10 ">E10 </a>
090 ## - NÚMERO DE CHAMADA
Localização na estante E10 BR2020000191
100 1# - ENTRADA PRINCIPAL - NOME PESSOAL
Nome pessoal Stephanes, R.
245 1# - TÍTULO PRINCIPAL
Título principal Fertilizantes: marco regulatório e diretrizes para uma política autossuficiente
260 3# - IMPRENTA (PUBLICAÇÃO, DISTRIBUIÇÃO, ETC.)
Lugar de publicação, distribuição, etc. [np](Brasil):
Data de publicação, distribuição, etc 2014.
300 ## - DESCRIÇÃO FÍSICA
Extensão 188 p.
500 ## - NOTA GERAL
Notas gerais Includes several bibliographies; 14 illus; 5 tables
650 ## - ASSUNTO - THESAGRO
Cabeçalho tópico ou nome geográfico FERTILIZANTE
650 ## - ASSUNTO - THESAGRO
Cabeçalho tópico ou nome geográfico FERTILIZANTE POTÁSSICO
650 ## - ASSUNTO - THESAGRO
Cabeçalho tópico ou nome geográfico FERTILIZANTE FOSFATADO
909 ## - IDENTIFICAÇÃO DO CATALOGADOR
Ano e mês da catalogação (aaaamm) 202012
Identificação do catalogador Mara
942 ## - TIPO ESPECÍFICO
Tipo de material Livros
952 ## - LOCATION AND ITEM INFORMATION (KOHA)
-- 2023-09-25
-- 2023-09-25
-- Portaria Interministerial nº 164/94
Exemplares
Status de empréstimo Fonte de classificação Status de danificação Não pode ser emprestado Localização permanente Localização atual Total Checkouts Número de chamada Código de barras Número de exemplar Tipo de material Perdido
  Classificação AGRIS     Biblioteca Nacional de Agricultura - Binagri Biblioteca Nacional de Agricultura - Binagri   E10 BR2020000191 E10 BR2020000191 01 Livros  

BINAGRI

Telefone: (61)3218-2567/2388/3357/2097 - binagri@agro.gov.br

Ministério da Agricultura e Pecuária , Esplanada dos Ministérios, Bloco D, Anexo B, Brasília/DF, CEP: 70.043-900